« Retourner aux résultats de recherche
Cage dorée (La)
la vengeance d'une femme est douce et impitoyable
| Auteur principal: | Camilla Läckberg Auteur du texte |
|---|---|
| D'autres auteurs: | Rémi Cassaigne Traducteur |
| Support: | Livres |
| Langue: | Francais |
| Genre: |
Roman (gros caractères) |
| Collection: |
|
| Sujets: | |
| Étiquettes: |
Ajouter
Pas de Tags !
|
| LEADER | 00911nam0a2200205 450 | ||
|---|---|---|---|
| 001 | 16847661 | ||
| 010 | |a 979-10-269-0378-9 |b br. |d 26 | ||
| 100 | |a 20191023d2019 u u0frey01 ba | ||
| 101 | 1 | |a fre |c swe | |
| 102 | |a FR | ||
| 200 | 0 | |a Cage dorée (La) |e la vengeance d'une femme est douce et impitoyable |f Camilla Läckberg |g traduit du suédois par Rémi Cassaigne | |
| 207 | 1 | |a | |
| 215 | |a 1 vol. (600 p.) |d 24 x 16 cm | ||
| 225 | 1 | |v 01 | |
| 330 | |a Tomaison. Faye est entièrement dévouée à Jack. Mais celui-ci la quitte pour une jeune collègue. Gagnée par la haine, elle est déterminée à se venger. | ||
| 700 | 0 | |a Läckberg |b Camilla |c Auteur du texte |f 1974-.... |4 70 | |
| 702 | 0 | |a Cassaigne |b Rémi |c Traducteur |f 1971-.... |4 730 | |
| 900 | |a Roman (gros caractères) | ||
| 901 | |a Accessible au prêt | ||
| 995 | |a Bibliothèque |c Bibliothèque |f 00156012344305 |h 00156012344305 |k RP LAC 1 |o p |q a |r az |e Bibliothèque | ||
